| 000 | 00723cab a2200229 4500 | ||
|---|---|---|---|
| 001 | ABS43505 | ||
| 008 | 090401t1990 xxu||||| |||| 00| 0 eng d | ||
| 035 | _a(Sirsi) u42106 | ||
| 041 | _aeng | ||
| 100 | _aWarner, M. | ||
| 245 | _aGreen route for surveyors | ||
| 260 | _c1990 | ||
| 350 | _a0 | ||
| 490 |
_aEstates Times _v(1067) 5 October 1990, 14(1) |
||
| 520 | _aDiscusses the surveyors role in promoting a greener environment in the light of Richard Ellis `s adopting a green code governing the management of clients` buildings. | ||
| 650 | _aGREEN AUDIT | ||
| 650 |
_aProperty management _96262 |
||
| 690 | _aENVIRONMENTAL AND LAND CONSULTANCY | ||
| 700 | _aSmith, D. | ||
| 942 | _n0 | ||
| 948 | _c04/03/1997 | ||
| 999 |
_c27049 _d27049 |
||